| 000 | 00596nam a22002417a 4500 | ||
|---|---|---|---|
| 005 | 20240716090742.0 | ||
| 008 | 200317b1996 CR ||||| |||| 00| 0 spa d | ||
| 041 | _aESP | ||
| 082 | _a582.16 J61l | ||
| 100 |
_aJiménez Madrigal, Quírico _97171 |
||
| 100 | _aPoveda Álvarez, Luis Jorge | ||
| 245 | _aLista actualizada de los árboles maderables de Costa Rica | ||
| 260 | _aCosta Rica | ||
| 260 | _bEUNA | ||
| 260 | _c1996 | ||
| 300 | _a36 páginas | ||
| 650 | _aFLORA | ||
| 650 | _aÁRBOLES | ||
| 650 | _aBOTÁNICA | ||
| 650 | _aECOLOGÍA | ||
| 942 |
_cBK _2ddc |
||
| 999 |
_c12624 _d12624 |
||